The role of panchayati raj institutions in natural resource management: a study of two village panchayats in Tamil Nadu (Record no. 46781)

000 -LEADER
fixed length control field 00538pab a2200169 454500
008 - FIXED-LENGTH DATA ELEMENTS--GENERAL INFORMATION
fixed length control field 180718b2000 xxu||||| |||| 00| 0 eng d
100 ## - MAIN ENTRY--PERSONAL NAME
Personal name Annamalai, V.
245 ## - TITLE STATEMENT
Title The role of panchayati raj institutions in natural resource management: a study of two village panchayats in Tamil Nadu
260 ## - PUBLICATION, DISTRIBUTION, ETC.
Date of publication, distribution, etc. 2000
300 ## - PHYSICAL DESCRIPTION
Extent p.475-79
362 ## - DATES OF PUBLICATION AND/OR SEQUENTIAL DESIGNATION
Dates of publication and/or sequential designation Jul-Sep
650 ## - SUBJECT ADDED ENTRY--TOPICAL TERM
Topical term or geographic name entry element Natural resources - India - Tamil Nadu
650 ## - SUBJECT ADDED ENTRY--TOPICAL TERM
Topical term or geographic name entry element Panchayat - India - Tamil Nadu
650 ## - SUBJECT ADDED ENTRY--TOPICAL TERM
Topical term or geographic name entry element Panchayat
773 ## - HOST ITEM ENTRY
Main entry heading Journal of Rural Development
909 ## -
-- 46781
Holdings
Withdrawn status Lost status Damaged status Not for loan Permanent Location Current Location Date acquired Serial Enumeration / chronology Barcode Date last seen Price effective from Koha item type
        Indian Institute of Public Administration Indian Institute of Public Administration 2018-07-19 Volume no: 19, Issue no: 3 AR47209 2018-07-19 2018-07-19 Articles

Powered by Koha